000 00640nam a2200229Ia 4500
003 OSt
005 20221007071055.0
006 a|||||r|||| 00| 0
007 ta
008 221006b |||||||| |||| 00| 0 eng d
024 _a25,519
037 _cTextual
040 _aFLL
_cFLL
_beng
041 _2eng
_aeng
082 _aV2:91:9z, H5 1
100 _aDoabia Harbans Singh
_973941
245 0 _aLaw of elections and election petitions
260 _aLahore
_bModern Publications Pakistan
_c1945
300 _axv,61p
_ccm.
942 _hV2:91:9z, H5 1
_cTEXL
_2CC
999 _c1142369
_d1142369